Комментарий к Уголовно-процессуальному кодексу Российской Федерации (Запись № 945856)

Подробности
000 -МАРКЕР
контрольное поле 02105nam0a2200337 4500
001 - ИДЕНТИФИКАТОР ЗАПИСИ
контрольное поле RU\NLR\bibl\469762
005 - ИДЕНТИФИКАТОР ВЕРСИИ
контрольное поле 20250623190024.0
010 ## - МЕЖДУНАРОДНЫЙ СТАНДАРТНЫЙ НОМЕР КНИГИ (ISBN)
Номер (ISBN) 5-98032-302-3
Тираж 5000
021 ## - НОМЕР ГОСУДАРСТВЕННОЙ РЕГИСТРАЦИИ
Код страны российская федерация
Номер 2003-59724
Номер Листа государственной регистраци 2921
035 ## - ДРУГИЕ СИСТЕМНЫЕ НОМЕРА
Идентификатор записи (NLR Aleph) 000463013
100 ## - ДАННЫЕ ОБЩЕЙ ОБРАБОТКИ
Данные общей обработки 20031208d2003 |||y0rusy50 ca
101 0# - ЯЗЫК РЕСУРСА
Язык текста, звукозаписи и т.д. русский
102 ## - СТРАНА ПУБЛИКАЦИИ ИЛИ ПРОИЗВОДСТВА
Страна публикации российская федерация
105 ## - ПОЛЕ КОДИРОВАННЫХ ДАННЫХ: ТЕКСТОВЫЕ МАТЕРИАЛЫ, МОНОГРАФИЧЕСКИЕ
Кодированные данные о монографическом текстовом документе y |||||||||
200 1# - ЗАГЛАВИЕ И СВЕДЕНИЯ ОБ ОТВЕТСТВЕННОСТИ
Основное заглавие Комментарий к Уголовно-процессуальному кодексу Российской Федерации
Сведения, относящиеся к заглавию [По состоянию на 1 авг. 2003 г.
-- С учетом Федер. Законов от 30 июня 2003 г. N 86-ФЗ; от 4 июля 2003 г. N 92-ФЗ; от 4 июля 2003 г. N 94-ФЗ; от 7 июля 2003 г. N 111-ФЗ]
Первые сведения об ответственности Ин-т гос-ва и права Рос. акад. наук
Последующие сведения об ответственности [Л.Н. Башкатов, засл. юрист РФ, к.ю.н., доц. и др.]
-- Отв. ред. засл. юрист РФ, д.ю.н., проф. И.Л. Петрухин
205 ## - СВЕДЕНИЯ ОБ ИЗДАНИИ
Сведения об издании 2-е изд., перераб. и доп.
210 ## - ПУБЛИКАЦИЯ, РАСПРОСТРАНЕНИЕ И ДР.
Место издания, распространения и т.д. М.
Имя издателя, распространителя и т. д. Проспект
-- ТК Велби
Дата издания, распространения и т.д. 2003
215 ## - ФИЗИЧЕСКАЯ ХАРАКТЕРИСТИКА
Специфическое обозначение материала и объем 1015 с.
Размеры 22
225 1# - СЕРИЯ
Основное заглавие серии Профессиональные юридические системы "КОДЕКС"
604 ## - ИМЯ И ЗАГЛАВИЕ КАК ПРЕДМЕТ
Связываемые данные 71001$aРоссийская Федерация
-- 500##$3RU\NLR\AUTH\661293027$aУголовно-процессуальный кодекс$jКомментарии$2nlr_sh2
Имя лица Российская Федерация
Заглавие Уголовно-процессуальный кодекс
Формальный подзаголовок Комментарии
Системный номер авторитетной/нормативной записи 2146253
Идентификатор авторитетной/нормативной записи RU\NLR\AUTH\661293027
606 0# - НАИМЕНОВАНИЕ ТЕМЫ КАК ПРЕДМЕТ
Наименование темы Уголовно-процессуальный кодекс
Формальный подзаголовок Комментарии
Географический подзаголовок Российская Федерация
Системный номер авторитетной/нормативной записи 2078726
Идентификатор авторитетной/нормативной записи RU\NLR\AUTH\661254590
686 1# - ИНДЕКСЫ ДРУГИХ КЛАССИФИКАЦИЙ
Индекс Х629.3-324.9(2Р)
702 #1 - ИМЯ ЛИЦА - ВТОРИЧНАЯ ОТВЕТСТВЕННОСТЬ
Начальный элемент ввода Башкатов
Часть имени, кроме начального элемента ввода Л. Н.
Расширение инициалов личного имени Леонид Николаевич
Код отношения Составитель
702 #1 - ИМЯ ЛИЦА - ВТОРИЧНАЯ ОТВЕТСТВЕННОСТЬ
Начальный элемент ввода Петрухин
Часть имени, кроме начального элемента ввода И. Л.
Код отношения Редактор
801 #0 - ИСТОЧНИК ЗАПИСИ
Страна российская федерация
Организация NLR
Дата составления 20031208
Правила каталогизации PSBO
801 #1 - ИСТОЧНИК ЗАПИСИ
Страна российская федерация
Организация NLR
Дата составления 20031208
942 ## - ДОПОЛНИТЕЛЬНЫЕ ЭЛЕМЕНТЫ ЗАПИСИ (АБИС)
Тип экземпляра АБИС Книга
980 ## - КОЛЛЕКЦИЯ
Название коллекции Национальная библиография
Экземпляры
Тип экземпляра Дата поступления Источник поступления Библиотека постоянного хранения Библиотека текущего хранения Место хранения Шифр хранения Штрих-код Статус не для выдачи
Книга 08.12.2003 Обязательный экземпляр РНБ (Московский) РНБ (Московский) Русский книжный фонд: издания с 1957 года, 3этаж 2003-5/7874 602660  
Книга 08.12.2003 Обязательный экземпляр РНБ (Московский) РНБ (Московский) Русский книжный фонд: издания с 1957 года, 3этаж 2003-5/7874 602661